Interaction I : Reading skills book

Gorde:
Xehetasun bibliografikoak
Formatua: Liburua
Hizkuntza:Undetermined
Gaiak:
Etiketak: Etiketa erantsi
Etiketarik gabe, Izan zaitez lehena erregistro honi etiketa jartzen!
Thư viện lưu trữ: Trung tâm Học liệu Trường Đại học Cần Thơ
LEADER 00377nam a2200145Ia 4500
001 CTU_118399
008 210402s9999 xx 000 0 und d
082 |a 428.34 
082 |b I.61 
245 0 |a Interaction I : 
245 0 |b Reading skills book 
650 |a English language 
650 |x Readers 
904 |i M.Loan 
980 |a Trung tâm Học liệu Trường Đại học Cần Thơ